Case histories I (Record no. 544606)
[ view plain ]
| 000 -LEADER | |
|---|---|
| fixed length control field | 00353nam a22001337a 4500 |
| 082 ## - DEWEY DECIMAL CLASSIFICATION NUMBER | |
| Classification number | 616.8524 |
| Author Mark | FRE |
| -- | L-29, P-61 |
| 100 ## - MAIN ENTRY--PERSONAL NAME | |
| Personal name | Freud, Sigmund |
| 9 (RLIN) | 37011 |
| 245 ## - TITLE STATEMENT | |
| Title | Case histories I |
| 260 ## - PUBLICATION, DISTRIBUTION, ETC. | |
| Place of publication, distribution, etc. | England: |
| Name of publisher, distributor, etc. | Pelican Books, |
| Date of publication, distribution, etc. | c1977 |
| 300 ## - PHYSICAL DESCRIPTION | |
| Extent | 331 p.; |
| Other physical details | ill,: |
| Dimensions | 19cm |
| 526 ## - STUDY PROGRAM INFORMATION NOTE | |
| Program name | 0 |
| Interest level | 0 |
| Reading level | 0 |
| Title point value | 616_852400000000000_FRE |
| 650 ## - SUBJECT ADDED ENTRY--TOPICAL TERM | |
| Topical term or geographic name entry element | MCE |
| 9 (RLIN) | 379 |
| 942 ## - ADDED ENTRY ELEMENTS (KOHA) | |
| Source of classification or shelving scheme | |
| Koha item type | Book |
| Withdrawn status | Lost status | Source of classification or shelving scheme | Damaged status | Not for loan | Permanent Location | Current Location | Date acquired | Total Checkouts | Full call number | Barcode | Date last seen | Date last checked out | Price effective from | Koha item type |
|---|---|---|---|---|---|---|---|---|---|---|---|---|---|---|
| Military College of Engineering (MCE) | Military College of Engineering (MCE) | 05/08/2014 | 1 | 616.8524 FRE | MCE-26414 | 05/09/2014 | 05/09/2014 | 05/08/2014 | Book |
